| 000 | 00853nam a22002537i 4500 | ||
|---|---|---|---|
| 003 | DO-SdBNP | ||
| 005 | 20250617143138.0 | ||
| 007 | ta | ||
| 008 | 250617b2024 |||||||| |||| 00| 0 spa d | ||
| 020 | _a9789945623284 | ||
| 040 |
_aDO-SdBNP _bspa _cBNPHU _erda |
||
| 041 | _hsp | ||
| 082 |
_axxx _bR426e _222 |
||
| 110 | 1 |
_aRepública Dominicana. _bMinisterio de Relaciones Exteriores. Dirección de Investigación e Innovación _988133 |
|
| 245 | 1 | 0 |
_aEstudio de fragilidad, resiliencia, desarrollo e inversión (FREDI) : _btomo VI : Monte Cristi |
| 264 |
_aSanto Domingo : _bMinisterio de Relaciones Exteriores, _c2024. |
||
| 300 |
_a160 páginas : _c28 cm |
||
| 336 |
_ardacontent _btexto _2txt |
||
| 337 |
_ardamedia _bsin mediación _2n |
||
| 338 |
_ardacarrier _bvolumen _2nc |
||
| 590 | _aInventariado, 2025/DG | ||
| 910 | _aDG | ||
| 942 |
_2ddc _cLBS1 |
||
| 999 |
_c58260 _d58260 |
||